| 000 | 01298nam a22003617a 4500 | ||
|---|---|---|---|
| 003 | CHAP | ||
| 005 | 20220329142328.0 | ||
| 008 | 000724d2000 mx r 00110 spa d | ||
| 010 | _a81813 | ||
| 011 | _a82785 | ||
| 035 | _a93288 | ||
| 040 | _cCHAP | ||
| 090 | _aTesis | ||
| 100 | 0 | 0 |
_aVargas Aguirre, José Alejandro. _9117967 |
| 245 | 1 | 0 |
_aProducción de melón (Cucumis melo L.) mediante alcolchado plástico y riego por cintilla _c/por José Alejandro Vargas Aguirre |
| 260 |
_aChapingo, Méx. : _bEl autor, _c2000. |
||
| 300 |
_a67 h. : _bgráfs. ; cuadros |
||
| 502 | _aTesis (Ing. Agr. en Sistemas Agrícolas de Zonas Aridas) -- UACH. Departamento de Zonas Aridas | ||
| 590 |
_aALEPH _b10 _c20130110 _lUCH01 _h1436 |
||
| 590 |
_aBATCH-UPD _b10 _c20130110 _lUCH01 _h0949 |
||
| 590 |
_aBATCH-UPD _b10 _c20130410 _lUCH01 _h0603 |
||
| 590 |
_aBATCH-UPD _b10 _c20130913 _lUCH01 _h1914 |
||
| 590 |
_aCONVERSION _b10 _c20130109 _lUCH01 _h1345 |
||
| 650 | 1 | 4 |
_aAcolchado de suelos. _9623 |
| 650 | 1 | 4 |
_aMelón _xRendimiento. _974477 |
| 650 | 1 | 4 |
_aMelón _zDurango. _974485 |
| 650 | 1 | 4 |
_aRiego por cintillas. _997377 |
| 901 | _aBK | ||
| 905 | _aGuadalupe Pinto C. | ||
| 942 | _cFOLL | ||
| 949 |
_bBC _cTES _d33724000782843 _eTS2 _fc.2 _h36604 _i93288 _si |
||
| 949 |
_bBC _cTES _d932881 _eTS1 _h36603 _i93288 _sb |
||
| 999 |
_c81813 _d81813 |
||